000 00381nam a2200133Ia 4500
008 220204s9999 xx 000 0 und d
082 _a338.22(1-2/3)
_bBHA
100 _aBHATTACHARYA, Vivek Ranjan
245 0 _aNew strategy of development in village India
260 _aNew Delhi
_bBV Gupta
_c1983
650 _aLabour minimum wages
650 _aVillage development
942 _cBK
999 _c37396
_d37396